000 01121nam a22003377a 4500
001 BR8206333
003 BR-BrBNA
005 20230928091505.0
007 ta
008 230509b bl.||||| |||| 00| 0 por d
040 _aBR-BrBNA
_bpor
_cBiblioteca Nacional de Agricultura
041 _a(Por)
072 _aE15; F00
_b1300
_b/G514
090 _ 1300 BR8206333
100 1 _aBarros, C.E.F.
100 1 _aRibeiro, S.A.
100 1 _aDurey, J.S.F.
110 1 _aComissao Estadual de Planejamento Agricola de Mato Grosso do Sul, Campo Grande (Brasil)
_92030
245 1 _aCinturao verde de Campo Grande. Proposta de assentamento de arrendatarios, 1982 [Mato Grosso do Sul, Brasil]
260 3 _aCampo Grande, MS (Brasil):
_c1982.
300 _a17 p.
500 _a(*) Documento disponível no(a) Comissao Estadual de Planejamento Agricola de Mato Grosso do Sul, Campo Grande (Brazil)
650 _aHORTALICA
650 _aHORTICULTURA
650 _aARRENDAMENTO
650 _aPRODUTOR
650 _aCAMPO GRANDE
650 _aMATO GROSSO DO SUL
909 _a202309
_bLucia
_c55
_dLucia Elande
942 _cBK
999 _c34090
_d34090